[Event "Reykjavik Chess Congress 2018"]
[Site "Reykjavik"]
[Date "2018.01.17"]
[Round "3"]
[White "Jensson, Einar Hjalti"]
[Black "Valdimarsson, Einar"]
[Result "1/2-1/2"]
[WhiteElo "2336"]
[BlackElo "2023"]
[Annotator "ChessBase"]
[PlyCount "110"]
[EventDate "2018.??.??"]
[EventType "swiss"]
[EventCountry "ISL"]
[SourceTitle "playchess.com"]
[Source "ChessBase"]
[SourceQuality "1"]
[TimeControl "40/5400+30:900+30"]

1. e4 {[%emt 0:00:00]} c5 {[%emt 0:00:46]} 2. Nc3 {[%emt 0:00:18]} d6 {[%emt 0:03:43]} 3. f4 {[%emt 0:01:55]} g6 {[%emt 0:00:14]} 4. Nf3 {[%emt 0:00:14]} Nc6 {[%emt 0:00:10]} 5. Bc4 {[%emt 0:00:37]} e6 {[%emt 0:00:39]} 6. O-O {[%emt 0:01:03]} Nge7 {[%emt 0:01:26]} 7. d3 {[%emt 0:01:51]} Bg7 {[%emt 0:01:16]} 8. Qe1 {[%emt 0:04:04]} O-O {[%emt 0:06:08]} 9. Qh4 {[%emt 0:03:36]} Nd4 {[%emt 0:12:23]} 10. f5 {[%emt 0:04:50]} gxf5 {[%emt 0:03:55]} 11. Bh6 {[%emt 0:04:04]} Ng6 {[%emt 0:09:58]} 12. Qh5 {[%emt 0:05:27]} Nxf3+ {[%emt 0:02:52]} 13. Rxf3 {[%emt 0:00:09]} Qh4 {[%emt 0:01:12]} 14. Qxh4 {[%emt 0:00:26]} Nxh4 {[%emt 0:00:06]} 15. Rg3 {[%emt 0:00:10]} Ng6 {[%emt 0:00:09]} 16. Bxg7 {[%emt 0:00:07]} Kxg7 {[%emt 0:00:05]} 17. exf5 {[%emt 0:00:43]} exf5 {[%emt 0:00:08]} 18. Re1 {[%emt 0:06:12]} Bd7 {[%emt 0:04:27]} 19. Bd5 {[%emt 0:10:29]} Rae8 {[%emt 0:09:24]} 20. Kf1 {[%emt 0:05:32]} Rxe1+ {[%emt 0:01:57]} 21. Kxe1 {[%emt 0:00:01]} Re8+ {[%emt 0:00:43]} 22. Kd2 {[%emt 0:00:47]} Bc6 {[%emt 0:01:20]} 23. Bxc6 {[%emt 0:01:17]} bxc6 {[%emt 0:00:04]} 24. Rf3 {[%emt 0:04:09]} Re5 {[%emt 0:03:43]} 25. g3 {[%emt 0:04:43]} Kh6 {[%emt 0:03:39]} 26. Nd1 {[%emt 0:04:33]} Kg5 {[%emt 0:05:08]} 27. Ne3 {[%emt 0:01:14]} Ne7 {[%emt 0:05:13]} 28. a3 {[%emt 0:07:55]} Nd5 {[%emt 0:05:21]} 29. Ng2 {[%emt 0:02:23]} Kg4 {[%emt 0:11:17]} 30. Rf2 {[%emt 0:00:14]} Kh3 {[%emt 0:00:41]} 31. Ne1 {[%emt 0:02:37]} f4 {[%emt 0:01:17]} 32. c4 {[%emt 0:00:19]} fxg3 {[%emt 0:04:31]} 33. hxg3 {[%emt 0:00:21]} Ne7 {[%emt 0:01:04]} 34. Rxf7 {[%emt 0:00:48]} h5 {[%emt 0:00:12]} 35. Nf3 {[%emt 0:01:17]} Rf5 {[%emt 0:00:20]} 36. Ng1+ {[%emt 0:00:01]} Kg2 {[%emt 0:00:24]} 37. Rxe7 {[%emt 0:00:53]} Kxg1 {[%emt 0:00:05]} 38. Rxa7 {[%emt 0:01:27]} Rg5 {[%emt 0:00:58]} 39. Rd7 {[%emt 0:05:15]} Kf2 {[%emt 0:00:58]} 40. Rxd6 {[%emt 0:00:00]} Kxg3 {[%emt 0:00:07]} 41. Rxc6 {[%emt 0:00:27]} h4 {[%emt 0:01:20]} 42. Rh6 {[%emt 0:00:33]} h3 {[%emt 0:02:35]} 43. b4 {[%emt 0:00:10]} h2 {[%emt 0:00:28]} 44. Kc3 {[%emt 0:00:56]} Rg4 {[%emt 0:01:44]} 45. Rxh2 {[%emt 0:00:11]} Kxh2 {[%emt 0:00:04]} 46. bxc5 {[%emt 0:00:13]} Kg3 {[%emt 0:00:20]} 47. Kb4 {[%emt 0:02:28]} Kf4 {[%emt 0:02:01]} 48. c6 {[%emt 0:01:28]} Ke3 {[%emt 0:00:20]} 49. c7 {[%emt 0:00:33]} Rg8 {[%emt 0:00:03]} 50. Kc5 {[%emt 0:02:17]} Kxd3 {[%emt 0:00:54]} 51. a4 {[%emt 0:01:09]} Rc8 {[%emt 0:03:43]} 52. Kb6 {[%emt 0:01:40]} Kxc4 {[%emt 0:00:20]} 53. a5 {[%emt 0:00:13]} Rxc7 {[%emt 0:00:19]} 54. Kxc7 {[%emt 0:00:06]} Kb5 {[%emt 0:00:03]} 55. a6 {[%emt 0:00:10]} Kxa6 {[%emt 0:00:04]} 1/2-1/2

[Event "Reykjavik Chess Congress 2018"]
[Site "Reykjavik"]
[Date "2018.01.17"]
[Round "3"]
[White "Viglundsson, Bjorgvin"]
[Black "Birkisson, Bjorn Holm"]
[Result "0-1"]
[WhiteElo "2167"]
[BlackElo "2084"]
[Annotator "TA"]
[PlyCount "100"]
[EventDate "2018.??.??"]
[EventType "swiss"]
[EventCountry "ISL"]
[SourceTitle "playchess.com"]
[Source "ChessBase"]
[SourceQuality "1"]

{[%evp 22,100,0,0,141,0,24,24,16,19,38,0,30,-95,-119,-89,-95,-307,-311,-328,-316,-325,-315,-310,-307,-396,-392,-191,-18,-18,-18,-18,-18,-18,-18,-18,-18,-18,-18,-18,-18,-18,-18,-33,-33,-33,-33,-216,-216,-216,-216,-216,-216,-216,-216,-216,-216,-216,-216,-216,-216,-216,-216,-364,-216,-216,-153,-153,-153,-153,-153,-153,-33,-33,0,-153,-142,-1512,-1501,-681,-461]} 1. d4 d5 2. c4 e6 3. Nc3 Be7 4. Nf3 Nf6 5. Bg5 Nbd7 6. e3 O-O 7. Rc1 b6 8. cxd5 exd5 9. Bd3 Bb7 10. Qc2 Ne4 11. Bxe7 Qxe7 12. O-O f5 {D55: Queen's Gambit Declined: 4 Bg5 Be7: Lines without ...h6 and 6...h6 7 Bxf6} (12... c5 $11) (12... c5 13. dxc5 Ndxc5 14. Rfd1 Rfd8 15. Nd4 Rac8 16. Qe2 Qf6 17. Nxe4 dxe4 18. Bc4 Qg6 19. Qd2 h5 20. b4 Nd7 {1-0 (38) Samu,G (2231)-Kemeny,C (2127) Hungary 2016}) 13. Rfe1 (13. Nxe4 $16 dxe4 14. Qxc7) 13... Kh8 $146 14. Nd2 c5 {White has an edge.} 15. dxc5 bxc5 16. f3 Nd6 17. e4 (17. Nb5 $11 {keeps the balance.}) 17... fxe4 $17 18. fxe4 Rae8 19. Nxd5 $2 (19. b3 $17) 19... Bxd5 $19 20. exd5 Qxe1+ 21. Rxe1 Rxe1+ 22. Bf1 {[#]} Nf5 $1 {[%cal Rf5e3]} 23. Qa4 Ne3 $1 {[%csl LRd5,LRf1][%cal Rf8f1]} 24. h3 {[#]} Nxf1 $2 (24... Rd1 $1 $19 {[%cal Rd1d2]} 25. Qxd7 Rxd2) 25. Nf3 $11 Rb1 26. Qxd7 Nd2+ 27. Kh2 Nxf3+ 28. gxf3 Rxb2+ {[%mdl 4096] Endgame KQ-KRR} 29. Kg3 Rxa2 {Strongly threatening ...Ra3.} 30. Qe7 {[%cal Re7f8]} Rg8 {next ...c4 is good for Black.} 31. Qxc5 Rd2 32. Qxa7 Rxd5 {Threatens to win with ...Rf5.} 33. Qe7 Rf5 34. Qd7 $2 (34. Qe3 $15) 34... Rgf8 $19 35. Kg2 Rxf3 36. Qd6 h5 37. Qg6 R3f5 38. Kg3 R8f6 39. Qe8+ Kh7 40. Qe4 g6 41. Qe8 Rf7 42. Qd8 (42. Kg2 $142) 42... Rf4 (42... Rf2 $142 {White must now prevent ...R7f3+.} 43. Qd3 R7f4) 43. Kg2 h4 {( -> ...Rf2+)} 44. Qb6 Rf3 {Hoping for ...Rg3+.} 45. Qd4 R7f4 46. Qc5 Rg3+ (46... Rf6 $17 {aiming for ...R6f4.} 47. Qd4 R6f4 48. Qd7+ Rf7) 47. Kh2 $15 Rgf3 ({Black should try} 47... Re4 $15 48. Qa7+ Kh6) 48. Kg2 $1 $17 Kh6 {...Rg3+ is the strong threat.} 49. Qb6 $2 {[%mdl 8192]} (49. Kh2 $17) 49... Rg3+ $19 50. Kh2 Rff3 {Precision: White = 37%, Black = 55%.} 0-1

[Event "Reykjavik Chess Congress 2018"]
[Site "Reykjavik"]
[Date "2018.01.17"]
[Round "3"]
[White "Fridjonsson, Julius"]
[Black "Mai, Aron Thor"]
[Result "1/2-1/2"]
[WhiteElo "2137"]
[BlackElo "2066"]
[Annotator "TA"]
[PlyCount "62"]
[EventDate "2018.??.??"]
[EventType "swiss"]
[EventCountry "ISL"]
[SourceTitle "playchess.com"]
[Source "ChessBase"]
[SourceQuality "1"]

{[%evp 17,62,1,2,-12,3,-16,0,0,6,8,19,0,0,0,0,0,0,-29,0,-35,-22,-31,-25,-17,-12,-19,-6,-60,-61,-75,-64,-68,-66,-70,-66,-66,0,0,0,0,0,-29,0,-22,0,-13,0]} 1. c4 Nf6 2. Nc3 g6 3. g3 Bg7 4. Bg2 O-O 5. e4 d6 6. Nge2 c5 7. O-O Nc6 8. d3 a6 9. Rb1 Rb8 {LiveBook: 76 Games} 10. h3 {A36: Symmetrical English vs ...g6: 4 Bg2 Bg7} (10. a4 Ne8 11. Be3 Nc7 12. d4 cxd4 13. Nxd4 Ne6 14. Nde2 Nc5 15. b4 Nd7 16. f4 a5 17. b5 Nb4 18. Nd5 Nc5 19. Nxb4 axb4 20. Rxb4 {0-1 (53) Eljanov,P (2711)-Amonatov,F (2636) Riadh 2017}) 10... Ne8 11. Be3 Bd7 12. d4 $146 ({Find the theoretical novelty and annotate with similar games:} 12. Qd2 b5 13. b3 Nd4 14. Bg5 b4 15. Nd5 f6 16. Be3 Nxe2+ 17. Qxe2 {1-0 (30) Mitscherling,A (2286)-Baryshpolets,A (2487) Albena 2012}) 12... cxd4 13. Nxd4 Qc8 14. Nd5 {[#] Black must now prevent Nxc6.} Bxd4 15. Bxd4 {Hoping for Ba7.} Bxh3 16. Bc3 Bxg2 17. Kxg2 f6 18. Qd2 e6 19. Ne3 Ne5 20. b3 Qc6 21. f3 g5 22. g4 (22. Rbe1 $11) 22... Ng6 $15 23. Nc2 Rd8 24. Nd4 Qd7 25. Ba5 {[#] Strongly threatening Nxe6!} Rc8 26. Rbd1 Ng7 ({Black should try} 26... b5 $15) 27. Ne2 $36 {[%mdl 2048] White is pushing.} Rc6 28. Nd4 Rcc8 29. Ne2 Rc6 30. Nd4 Rcc8 31. Ne2 Rc6 {Precision: White = 50%, Black = 47%.} 1/2-1/2

[Event "Reykjavik Chess Congress 2018"]
[Site "Reykjavik"]
[Date "2018.01.17"]
[Round "3"]
[White "Bergsson, Stefan"]
[Black "Olafsson, Thorvardur"]
[Result "1-0"]
[WhiteElo "2093"]
[BlackElo "2178"]
[Annotator "TA"]
[PlyCount "71"]
[EventDate "2018.??.??"]
[EventType "swiss"]
[EventCountry "ISL"]
[SourceTitle "playchess.com"]
[Source "ChessBase"]
[SourceQuality "1"]

{[%evp 22,71,25,27,58,60,72,62,62,69,117,118,107,97,119,114,129,110,162,133,104,94,126,122,129,130,149,141,138,125,145,132,131,130,148,121,121,120,139,89,350,339,343,350,540,537,594,531,491,473,543,612]} 1. c4 Nf6 2. Nc3 c5 3. g3 Nc6 4. Bg2 g6 5. e3 Bg7 6. Nge2 O-O 7. O-O d6 8. d4 Bd7 9. b3 Qc8 10. Bb2 Bh3 {E61: King's Indian: Early deviations for White, including Smyslov System} 11. Qd2 (11. Rc1 Bxg2 12. Kxg2 h5 13. Nd5 Nxd5 14. cxd5 Nb4 15. Qd2 Nxd5 16. e4 Nf6 17. f3 b6 18. b4 h4 19. dxc5 dxc5 {½-½ (19) Le,Q (2712)-Smirin,I (2663) Khanty-Mansiysk 2013}) 11... Bxg2 12. Kxg2 {LiveBook: 5 Games} b6 {White has an edge.} 13. d5 Nb8 $146 ({Find the theoretical novelty and annotate with similar games:} 13... Na5 14. e4 a6 15. f3 Qc7 16. Nd1 Rab8 17. Ne3 Rfe8 18. h4 {1-0 (52) Kurtenkov,A (2385)-Grigore,G (2430) Mangalia 1992}) 14. e4 a6 15. a4 a5 16. Rae1 Na6 17. Nf4 Nb4 18. Nb5 Qg4 19. h3 Qg5 (19... Qd7 $16 {keeps fighting.}) 20. e5 Nh5 {[%cal Rd6e5]} 21. exd6 Nxf4+ 22. Qxf4 Qxf4 23. gxf4 {[#] aiming for Bxg7.} exd6 24. Bxg7 Kxg7 25. Nxd6 Rad8 {[#]} 26. Nb5 $1 Nd3 27. Re7 Nxf4+ 28. Kf3 g5 29. Rfe1 Ng6 30. Rb7 Rfe8 $2 {[%mdl 8192]} (30... Rb8 $16 {might work better.} 31. Rc7 Rbc8) 31. Rxe8 $18 Rxe8 32. Nd6 ({Not} 32. Rxb6 h5 $14) 32... Nh4+ (32... Re1 $142 33. Rxf7+ Kg8) 33. Kg4 {White is clearly winning.} Re1 {( -> ...Kg6)} 34. Kxg5 Nf3+ 35. Kf4 Ne5 36. Kf5 {Precision: White = 66%, Black = 47%.} 1-0

[Event "Reykjavik Chess Congress 2018"]
[Site "Reykjavik"]
[Date "2018.01.17"]
[Round "3"]
[White "Kristinsson, Ogmundur"]
[Black "Thorfinnsson, Bragi"]
[Result "1/2-1/2"]
[WhiteElo "2005"]
[BlackElo "2426"]
[Annotator "TA"]
[PlyCount "79"]
[EventDate "2018.??.??"]
[EventType "swiss"]
[EventCountry "ISL"]
[SourceTitle "playchess.com"]
[Source "ChessBase"]
[SourceQuality "1"]

{[%evp 9,79,27,30,31,43,30,62,53,45,55,47,45,73,59,78,0,78,46,52,40,74,68,73,62,63,63,100,96,110,104,188,137,141,145,143,143,143,141,158,141,144,141,143,141,141,141,139,121,143,143,202,134,202,202,229,205,203,180,164,8,8,8,13,0,27,8,8,0,0,0,0,0]} 1. c4 e5 2. Nc3 Nc6 3. e3 f5 4. d4 Bb4 5. Nge2 Nf6 6. a3 {A25: Englische Eröffnung (Sizilianisch im Anzug)} Bxc3+ 7. Nxc3 d6 8. b4 $146 {Weiß steht etwas besser.} ({Vorgänger:} 8. dxe5 Nxe5 9. b3 b6 10. Bb2 Bb7 11. Nb5 Qe7 12. Nd4 {0-1 (32) Rasmussen,A (2540)-Sasikiran,K (2688) Helsingor 2017}) 8... O-O 9. Be2 exd4 10. exd4 Ne4 11. Bb2 Qh4 {[%csl Ge4][%cal Rh4f2]} 12. g3 ({Lieber} 12. O-O $16) 12... Nxc3 (12... Qh3 $11 {hält das Gleichgewicht.}) 13. gxh4 (13. Bxc3 {seems wilder.} Qh3 14. Qd2 f4 15. O-O-O Bf5 16. Bf3) 13... Nxd1 14. Rxd1 f4 15. Bf3 Ne7 16. Rg1 d5 17. cxd5 {Und weiter mit Tc1 wäre nett.} Nf5 18. d6 $1 {[%cal Rd6c7]} Nxd6 19. Rc1 $1 Bf5 (19... Rd8 $16) 20. Rxc7 (20. Bd5+ $18 Nf7 21. Bxb7 (21. Rxc7 Rac8 $16) 21... Rae8+ 22. Kd2) 20... Rae8+ 21. Kd1 Rf7 22. Bd5 Be6 23. Bxe6 Rxe6 {[#]} 24. Rxf7 $1 Kxf7 $16 {[%mdl 4096] Endspiel KTL-KTS} 25. d5 Rg6 26. Rxg6 Kxg6 {KL-KS} 27. Be5 Nc4 28. Bxf4 Nxa3 29. Kd2 Kf5 (29... Nb5 $16 30. h5+ Kf6) 30. Bb8 Nb5 (30... Nc4+ $16 {ist wohl besser.} 31. Kc3 Nb6) 31. Kd3 $18 a6 32. f3 h5 33. Kc4 b6 {[#]} 34. Bg3 $2 ({Der einzige Zug:} 34. f4 $1 $18) 34... g6 $11 35. Kd3 Kf6 36. Kc4 Kf5 37. h3 Kf6 {Die Stellung ist ausgeglichen.} 38. Bf2 Nd6+ 39. Kd4 Nb5+ 40. Ke4 {Precision: Weiß = 64%, Schwarz = 59%.} 1/2-1/2

[Event "Reykjavik Chess Congress 2018"]
[Site "Reykjavik"]
[Date "2018.01.17"]
[Round "3"]
[White "Bjornsson, Eirikur K"]
[Black "Bjornsson, Sigurbjorn"]
[Result "1-0"]
[WhiteElo "1934"]
[BlackElo "2288"]
[Annotator "TA"]
[PlyCount "99"]
[EventDate "2018.??.??"]
[EventType "swiss"]
[EventCountry "ISL"]
[SourceTitle "playchess.com"]
[Source "ChessBase"]
[SourceQuality "1"]

{[%evp 33,99,23,15,-16,-16,-14,0,-3,-8,-16,17,0,47,29,82,67,158,150,137,145,143,132,120,127,311,283,294,286,364,353,354,322,410,407,541,514,621,600,731,697,671,579,710,652,615,577,705,692,918,922,907,874,1555,1390,1958,2161,2094,2053,29983,29984,3281,2438,29985,29986,29986,29986,29988,29989]} 1. d4 Nf6 2. c4 g6 3. Nc3 Bg7 4. e4 d6 5. Nf3 O-O 6. Be2 e5 7. d5 a5 8. Bg5 h6 9. Bh4 Na6 10. Nd2 Qe8 11. O-O Nh7 12. a3 h5 13. f3 Bd7 14. b3 Bh6 15. Rb1 Be3+ 16. Kh1 Bc5 17. Qc1 f5 18. Na2 {E92: King's Indian: Classical: 6 Be2 e5: 7 dxe5, 7 Be3 and Petrosian System without 7...Nbd7} (18. exf5 gxf5 19. Na2 Be3 20. Bf2 Bxf2 21. Rxf2 Nc5 22. Nc3 Qe7 23. b4 axb4 24. axb4 Na4 25. Nd1 e4 {½-½ (56) Postny,E (2570)-Libiszewski,F (2523) Rockville 2017}) 18... g5 19. Be1 $1 f4 20. b4 {The position is equal.} axb4 21. axb4 Be3 22. Qc2 Qe7 {[#]} 23. c5 $146 {[%cal Bc4c5,Bc5c6][%mdl 544]} ({Find the theoretical novelty and annotate with similar games:} 23. Nc3 g4 24. Nd1 g3 25. hxg3 fxg3 26. Bxg3 {0-1 (53) Dao,T-Torres,J Tunja 1989}) 23... g4 (23... dxc5 $11 24. Nc4 Bd4) 24. c6 $36 {[%mdl 2048] White has the initiative.} g3 ({Black should play} 24... bxc6 $14 25. dxc6 Be6) 25. hxg3 (25. cxd7 Qh4 $11) 25... fxg3 26. Bxg3 bxc6 27. dxc6 Be6 28. Bc4 Bxc4 $2 {[#]} (28... h4 $16 29. Bf2 Bxd2) 29. Nxc4 $18 (29. Qxc4+ Kg7 $16) 29... Bd4 30. Nc3 Kh8 31. Nd5 Qg7 32. Bf2 Bxf2 33. Rxf2 ({Not} 33. Qxf2 Nf6 $18) 33... h4 34. b5 {[%cal Bb4b5,Bb5b6,Bb6b7][%mdl 32]} Nc5 35. b6 Qg3 36. b7 Rab8 37. Nce3 Nxe4 38. Qxe4 Qxf2 39. Rf1 Qg3 {Black hopes to continue with ...h3.} 40. Qg4 Ng5 41. Qh5+ Nh7 42. Ne7 h3 43. Ng6+ Kg7 44. Nxf8 hxg2+ 45. Nxg2 Rxf8 46. Ne3 Kh8 47. Qg4 Qxg4 48. fxg4 {White mates.} Rg8 49. Ra1 Ng5 50. Ra8 {Precision: White = 93%, Black = 22%.} 1-0

[Event "Reykjavik Chess Congress 2018"]
[Site "Reykjavik"]
[Date "2018.01.17"]
[Round "3"]
[White "Sigurdsson, Birkir Karl"]
[Black "Heimisson, Hilmir Freyr"]
[Result "0-1"]
[WhiteElo "1934"]
[BlackElo "2136"]
[Annotator "TA"]
[PlyCount "106"]
[EventDate "2018.??.??"]
[EventType "swiss"]
[EventCountry "ISL"]
[SourceTitle "playchess.com"]
[Source "ChessBase"]
[SourceQuality "1"]

{[%evp 12,106,0,-2,36,35,60,25,28,27,32,24,56,33,53,22,32,7,8,0,40,36,34,35,26,36,41,48,103,53,61,0,110,115,141,86,119,47,45,0,7,6,55,28,72,0,0,0,0,0,0,0,0,0,0,-29,-32,-112,-95,-210,-116,-106,-95,-95,0,0,0,-97,-68,-219,-216,-218,-111,-118,-110,-231,-245,-265,-279,-250,-281,-247,-66,-72,-38,-48,0,-166,-142,-207,-197,-225,-223,-1291,-314,-5322,-554]} 1. d4 Nf6 2. c4 e6 3. Nc3 Bb4 4. e3 O-O 5. Bd3 c5 6. Nge2 d5 7. cxd5 {LiveBook: 372 Partien} Qxd5 {E48: Nimzoindisch (Moderne Variante)} (7... cxd4 8. exd4 Nxd5 9. a3 Bd6 10. Qc2 h6 11. O-O Nc6 12. Rd1 Nxc3 13. Nxc3 Ne7 14. Qe2 Re8 15. Qe4 Ng6 16. Be3 a6 {½-½ (32) So,W (2810)-Anand,V (2783) Leon 2017}) 8. O-O Qd7 $146 ({Vorgänger:} 8... Bxc3 9. bxc3 cxd4 10. exd4 Nc6 11. Bb2 b5 12. Nf4 Qd6 13. Nh5 Nxh5 14. Qxh5 g6 15. Qh4 e5 16. Bxb5 {1-0 (16) Wang,X (800)-Sabicas,E (867) LSS email 2008}) 9. a3 Bxc3 {Weiß hat minimalen Vorteil.} 10. bxc3 Nc6 11. Qc2 e5 12. Bb2 (12. Rd1 $5 {[%cal Rd4e5]} Qe7 13. a4 $14) 12... Qe7 13. Ng3 Re8 14. f3 Be6 15. Ne4 Nxe4 16. Bxe4 Bc4 17. Bxh7+ Kh8 18. Bd3 Bxd3 19. Qxd3 Na5 (19... cxd4 $14 20. cxd4 exd4) 20. d5 {c4 ist eine echte Drohung.} c4 $1 {[%cal Rc4d3]} 21. Qe2 ({Günstiger ist} 21. Qe4 $14) 21... Rad8 (21... Qc5 $1 $11) 22. e4 $1 $16 b5 23. Rad1 (23. a4 $142) 23... Nb3 24. f4 (24. a4 $16) 24... exf4 $1 $14 25. Rxf4 {Und weiter mit Dh5+ wäre nett.} Qc5+ 26. Kf1 {Beabsichtigt Dh5+ und Matt.} Re5 27. Qf3 Rde8 28. Qh3+ (28. d6 $16 Kg8 29. d7 (29. Rxf7 Rxe4 30. Bc1 Qe5 $11)) 28... Kg8 $11 29. Rh4 {[%csl Gh3][%cal Rh4h8]} f6 30. Rh8+ Kf7 {zielt auf ...Txh8 ab.} 31. Rxe8 Rxe8 32. Qh5+ Kf8 33. Qf3 Qd6 34. Kg1 (34. h4 $15) 34... Nc5 $17 35. Qh5 (35. h4 $17) 35... Nxe4 (35... Rxe4 $19 36. Qh8+ Kf7 37. Qh5+ Kg8) 36. Qh8+ Kf7 37. Qh5+ Kf8 38. Qh8+ $1 Kf7 39. Qh5+ Ke7 $1 40. Rd4 $2 ({Aber nicht} 40. Re1 $2 Qc5+ 41. Kh1 Kd6 $19) (40. Bc1 $15) 40... Kd8 41. Qf3 Qe5 (41... Nc5 $19 42. Rd1 Nd3) 42. d6 Nxd6 43. Qa8+ (43. a4 $17 {war angesagt.}) 43... Ke7 $19 {[%cal Re5e1]} 44. Qxa7+ Kf8 {[%cal Re5e1]} 45. Rd1 Qe2 $1 {[%cal Re2d1]} 46. Qd4 Nf7 $2 $40 {[%mdl 128] Weiss muss sich nun genau verteidigen.} (46... Ne4 $19 47. Bc1 Nxc3 $1 {[%mdl 512]}) 47. Bc1 $15 Ne5 48. Rf1 $1 Nd3 {[#] ( -> ...Dxf1+!)} 49. g3 $2 (49. Rxf6+ $1 $11 {[%mdl 512] und Weiss steht sicher.} Kg8 (49... gxf6 50. Qxf6+) 50. Qd5+ Kh7 {[#]} 51. Rh6+ $1 {[%mdl 512]} gxh6 52. Qf7+ Kh8 53. Qf6+ Kg8 54. Qg6+ Kh8 55. Qxh6+ Kg8 56. Qg6+ Kh8 57. Qh6+ Kg8 58. Qg6+ Kh8 59. Qh6+) 49... Ne5 {Weiss muss nun ...Sf3+ beachten.} 50. Qf4 (50. Qd6+ $17 {kämpft weiter.} Re7 51. Qd8+ Kf7 52. Qd5+ Kg6 53. Bf4) 50... Kf7 $19 51. Qf5 Rd8 {Droht ...Td1 und aus.} 52. Bh6 $2 (52. Qf2 Qxf2+ 53. Rxf2) 52... Rd6 $2 (52... Ng4 {[%csl Gg4][%cal Re2h2]} 53. Qh5+ Kg8) 53. Bg5 $2 (53. Rf2 Qe1+ 54. Rf1 Qxc3 55. Qh7 Qd4+ 56. Kg2) 53... Rd1 {Precision: Weiß = 25%, Schwarz = 40%.} (53... Ng4 $142 54. Qxg4 Qxg4) 0-1

[Event "Reykjavik Chess Congress 2018"]
[Site "Reykjavik"]
[Date "2018.01.18"]
[Round "3"]
[White "Davidsson, Oskar Vikingur"]
[Black "Loftsson, Hrafn"]
[Result "0-1"]
[WhiteElo "1854"]
[BlackElo "2163"]
[Annotator "RC"]
[PlyCount "129"]
[EventDate "2018.??.??"]
[EventType "swiss"]
[EventCountry "ISL"]
[SourceTitle "playchess.com"]
[Source "ChessBase"]
[SourceQuality "1"]
[TimeControl "40/5400+30:900+30"]

1. e4 {[%emt 0:00:38]} c5 {[%emt 0:00:08]} 2. c3 {[%emt 0:00:29]} Nf6 {[%emt 0:00:39]} 3. e5 {[%emt 0:00:21]} Nd5 {[%emt 0:00:08]} 4. d4 {[%emt 0:00:24]} cxd4 {[%emt 0:00:26]} 5. Nf3 {[%emt 0:00:09]} Nc6 {[%emt 0:01:29]} 6. cxd4 {[%emt 0:00:31]} d6 {[%emt 0:01:59]} 7. Bc4 {[%emt 0:01:18]} e6 {[%emt 0:00:20]} 8. O-O {[%emt 0:00:21]} Be7 {[%emt 0:00:44]} 9. Qe2 {[%emt 0:00:41]} O-O {[%emt 0:00:33]} 10. Qe4 {[%emt 0:00:19]} Bd7 {[%emt 0:08:48]} 11. Bxd5 {[%emt 0:03:33]} exd5 {[%emt 0:00:06]} 12. Qxd5 {[%emt 0:00:09]} Be6 {[%emt 0:12:30]} 13. Qe4 {[%emt 0:08:29]} dxe5 {[%emt 0:02:12]} 14. dxe5 {[%emt 0:00:38]} Qb6 {[%emt 0:19:08]} 15. Nc3 {[%emt 0:04:35]} Rfd8 {[%emt 0:01:32]} 16. Qe2 {[%emt 0:03:58]} Bf5 {[%emt 0:11:53]} 17. Be3 {[%emt 0:03:12]} Qa5 {[%emt 0:01:29]} 18. Rfd1 {[%emt 0:02:18]} Nxe5 {[%emt 0:06:26]} 19. Nxe5 {[%emt 0:00:37]} Qxe5 {[%emt 0:00:02]} 20. Rxd8+ {[%emt 0:01:27]} Rxd8 {[%emt 0:02:15]} 21. Bxa7 {[%emt 0:08:48]} Qxe2 {[%emt 0:01:38]} 22. Nxe2 {[%emt 0:00:56]} Bf6 {[%emt 0:07:41]} 23. Nc3 {[%emt 0:05:15]} Rd2 {[%emt 0:01:28]} 24. Nd1 {[%emt 0:00:27]} Bc2 {[%emt 0:06:13]} 25. Nc3 {[%emt 0:01:19]} Bd3 {[%emt 0:04:24]} 26. Re1 {[%emt 0:05:49]} h6 {[%emt 0:02:59]} 27. Nd1 {[%emt 0:01:16]} Be2 {[%emt 0:01:29]} 28. Nc3 {[%emt 0:00:53]} Bd3 {[%emt 0:01:32]} 29. Nd1 {[%emt 0:00:11]} Bc4 {[%emt 0:02:06]} 30. Be3 {[%emt 0:02:25]} Rc2 {[%emt 0:00:20]} 31. a3 {[%emt 0:01:23]} b5 {[%emt 0:02:21]} 32. h3 {[%emt 0:00:52]} g5 {[%emt 0:00:47]} 33. h4 {[%emt 0:04:19]} Kg7 {[%emt 0:00:23]} 34. hxg5 {[%emt 0:00:08]} hxg5 {[%emt 0:00:01]} 35. Kh2 {[%emt 0:02:59]} Kg6 {[%emt 0:00:08]} 36. Kg1 {[%emt 0:00:12]} Bg7 {[%emt 0:00:45]} 37. g3 {[%emt 0:02:31]} f5 {[%emt 0:00:20]} 38. Bc5 {[%emt 0:04:46]} f4 {[%emt 0:01:17]} 39. gxf4 {[%emt 0:03:11]} gxf4 {[%emt 0:00:00]} 40. Bb4 {[%emt 0:00:00]} Kf5 {[%emt 0:01:10]} 41. Nc3 {[%emt 0:02:32]} Rxb2 {[%emt 0:02:28]} 42. Ne4 {[%emt 0:00:27]} Kg4 {[%emt 0:02:17]} 43. Bc5 {[%emt 0:06:18]} Re2 {[%emt 0:04:52]} 44. Rxe2 {[%emt 0:01:48]} Bxe2 {[%emt 0:00:02]} 45. Bb4 {[%emt 0:01:33]} Bd3 {[%emt 0:01:14]} 46. Nd2 {[%emt 0:04:32]} Bd4 {[%emt 0:01:46]} 47. Nb3 {[%emt 0:02:29]} Be5 {[%emt 0:01:01]} 48. Nd2 {[%emt 0:02:13]} Bb2 {[%emt 0:01:29]} 49. Nb3 {[%emt 0:04:10]} Kf3 {[%emt 0:01:10]} 50. Nc5 {[%emt 0:04:32]} Bc2 {[%emt 0:00:34]} 51. Kf1 {[%emt 0:00:14]} Bd4 {[%emt 0:00:46]} 52. Ne6 {[%emt 0:00:19]} Bd3+ {[%emt 0:00:16]} 53. Ke1 {[%emt 0:00:36]} Bxf2+ {[%emt 0:00:31]} 54. Kd1 {[%emt 0:00:15]} Bc4 {[%emt 0:01:50]} 55. Nxf4 {[%emt 0:00:21]} Kxf4 {[%emt 0:00:06]} 56. Kc2 {[%emt 0:00:02]} Bd4 {[%emt 0:01:03]} 57. Bc3 {[%emt 0:01:54]} Bc5 {[%emt 0:00:21]} 58. a4 {[%emt 0:00:12]} b4 {[%emt 0:00:22]} 59. Bd2+ {[%emt 0:00:06]} Ke4 {[%emt 0:00:09]} 60. a5 {[%emt 0:00:10]} Kd5 {[%emt 0:00:29]} 61. Bf4 {[%emt 0:00:45]} Kc6 {[%emt 0:00:16]} 62. Be5 {[%emt 0:00:26]} Bd6 {[%emt 0:01:55]} 63. Bd4 {[%emt 0:00:25]} Bc7 {[%emt 0:00:14]} 64. a6 {[%emt 0:00:21]} Bxa6 {[%emt 0:00:16]} 65. Bc3 0-1